Katalog Plus
Bibliothek der Frankfurt UAS
Bald neuer Katalog: sichern Sie sich schon vorab Ihre persönlichen Merklisten im Nutzerkonto: Anleitung.

Arbeitsbuch zu Grundlagen der Mikroökonomik

Titel: Arbeitsbuch zu Grundlagen der Mikroökonomik / von Martin Kolmar, Magnus Hoffmann
Verfasser: ;
Ausgabe: 2nd ed. 2021
Veröffentlicht: Berlin, Heidelberg : Springer Berlin Heidelberg, 2021
Umfang: 1 Online-Ressource (XII, 325 Seiten) : 85 Abb.
Format: E-Book
Sprache: Deutsch
Schlagworte:
Andere Ausgaben: Erscheint auch als Druck-Ausgabe: Kolmar, Martin. Arbeitsbuch zu Grundlagen der Mikroökonomik. - Berlin, Heidelberg : Springer Berlin Heidelberg, 2021
ISBN: 9783662634738 ; 3662634732 ; 978--366263472-1
Buchumschlag
X
alg: 48743731
001A    $06055:05-11-21 
001B    $06055:01-12-25 $t04:05:40.000 
001D    $06055:05-11-21 
001U    $0utf8 
001X    $00 
002@    $0Oax 
002C    $aText $btxt $2rdacontent 
002D    $aComputermedien $bc $2rdamedia 
002E    $aOnline-Ressource $bcr $2rdacarrier 
003@    $0487437314 
004A    $A978-3-662-63473-8 
004A    $03-662-63473-2 
004E/04 $0SpringerNature-11775 $fSubject Collection Business and Economics (German Language) 
004O    $A978---366263472-1 $Sp 
004P    $010.1007/978-3-662-63473-8 $SV60 
007A    $0487437314 $aHEB 
007I    $0Springer978-3-662-63473-8 
009P    $qtext/html $3Inhaltsverzeichnis $uhttp://scans.hebis.de/HEBCGI/show.pl?48743731_toc.html $mX:DE-He213 
009P    $qtext/html $3Ausführliche Beschreibung $uhttp://scans.hebis.de/HEBCGI/show.pl?48743731_aub.html $mX:DE-He213 
009Q    $SV60 $uhttps://doi.org/10.1007/978-3-662-63473-8 $xR 
010@    $ager 
010E    $erda 
011@    $a2021 
013D    $RBeispielsammlung $RLehrmittel $#Examensfragen $#Gegenstandskatalog $#Lösungssammlung $#Prüfungsfragen Formschlagwort $#Repetitorium Formschlagwort $#Übungsaufgaben $#Übungsbuch $74143389-0 $8Aufgabensammlung [Ts1] $908556253X 
017B    $aZDB-2-SWI 
021A    $aArbeitsbuch zu Grundlagen der Mikroökonomik $hvon Martin Kolmar, Magnus Hoffmann 
028A    $aKolmar $BVerfasser $dMartin $4aut 
028C    $aHoffmann $BVerfasser $dMagnus $4aut 
032@    $a2nd ed. 2021 
033A    $pBerlin, Heidelberg $nSpringer Berlin Heidelberg 
033E    $pCham $nSpringer International Publishing AG 
034D    $a1 Online-Ressource (XII, 325 Seiten) 
034M    $a85 Abb. 
039D    $aErscheint auch als $tArbeitsbuch zu Grundlagen der Mikroökonomik $dBerlin, Heidelberg $eSpringer Berlin Heidelberg $f2021 $z978-3-662-63472-1 $lKolmar, Martin $nDruck-Ausgabe 
044A    $aMicroeconomics $S#0 $N650 
044A    $aLaw and economics $S#0 $N650 
044A    $aInternational economic relations $S#0 $N650 
044A    $aPower resources $S#0 $N650 
044A    $aEnvironmental economics $S#0 $N650 
044A    $aMicroeconomics $S14 $N650 
044A    $aLaw and Economics $S24 $N650 
044A    $aInternational Economics $S24 $N650 
044A    $aResource and Environmental Economics $S24 $N650 
044K    $RWirtschaftstheorie $RVolkswirtschaftslehre $#Microeconomics $#Microéconomie $#Microeconomía $#Mikroökonomik $#Mikroökonomie $#Mikroökonomie $#Mikroökonomik $74039225-9 $8Mikroökonomie [Ts1] $9085106909 
045B    $a338.5 $eDDC23eng 
045E    $c330 

lok: 48743731 3
101B    $011-11-21 $t08:21:14.000 
101C    $011-11-21 
101U    $0utf8 
145S/01 $a008 

exp: 48743731 3 1 #EPN
201B/01 $011-11-21 $t08:21:14.000 
201C/01 $005-11-21 
201U/01 $0utf8 
203@/01 $01172373930 
204P/01 $010.1007/978-3-662-63473-8 $SV60 
208@/01 $a05-11-21 $bl 
209B/01 $a502 $x05 

lok: 48743731 5

exp: 48743731 5 1 #EPN
201B/01 $005-11-21 $t22:48:22.920 
201C/01 $005-11-21 
201U/01 $0utf8 
203@/01 $01172373949 
204P/01 $010.1007/978-3-662-63473-8 $SV60 
208@/01 $a05-11-21 $bl 

lok: 48743731 8

exp: 48743731 8 1 #EPN
201B/01 $005-11-21 $t22:48:22.923 
201C/01 $005-11-21 
201U/01 $0utf8 
203@/01 $01172373957 
204P/01 $010.1007/978-3-662-63473-8 $SV60 
208@/01 $a05-11-21 $bl 

lok: 48743731 10

exp: 48743731 10 1 #EPN
201B/01 $005-11-21 $t22:48:22.926 
201C/01 $005-11-21 
201U/01 $0utf8 
203@/01 $01172373965 
204P/01 $010.1007/978-3-662-63473-8 $SV60 
208@/01 $a05-11-21 $bl 

lok: 48743731 11

exp: 48743731 11 1 #EPN
201B/01 $005-11-21 $t22:48:22.929 
201C/01 $005-11-21 
201U/01 $0utf8 
203@/01 $01172373973 
204P/01 $010.1007/978-3-662-63473-8 $SV60 
208@/01 $a05-11-21 $bl 

lok: 48743731 20

exp: 48743731 20 1 #EPN
201B/01 $005-11-21 $t22:48:22.932 
201C/01 $005-11-21 
201U/01 $0utf8 
203@/01 $01172373981 
204P/01 $010.1007/978-3-662-63473-8 $SV60 
208@/01 $a05-11-21 $bl 

lok: 48743731 21

exp: 48743731 21 1 #EPN
201B/01 $005-11-21 $t22:48:22.935 
201C/01 $005-11-21 
201U/01 $0utf8 
203@/01 $0117237399X 
204P/01 $010.1007/978-3-662-63473-8 $SV60 
208@/01 $a05-11-21 $bl 

lok: 48743731 23

exp: 48743731 23 1 #EPN
201B/01 $005-11-21 $t22:48:22.938 
201C/01 $005-11-21 
201U/01 $0utf8 
203@/01 $01172374007 
204P/01 $010.1007/978-3-662-63473-8 $SV60 
208@/01 $a05-11-21 $bl 

lok: 48743731 25

exp: 48743731 25 1 #EPN
201B/01 $010-07-23 $t13:45:58.000 
201C/01 $005-11-21 
201U/01 $0utf8 
203@/01 $01172374015 
204P/01 $010.1007/978-3-662-63473-8 $SV60 
208@/01 $a05-11-21 $bl 
209A/01 $a018 28B 434-UG,2.Aufl. $h28B 434-UG,2.Aufl. $x01 

lok: 48743731 49

exp: 48743731 49 1 #EPN
201B/01 $005-11-21 $t22:48:22.943 
201C/01 $005-11-21 
201U/01 $0utf8 
203@/01 $01172374023 
204P/01 $010.1007/978-3-662-63473-8 $SV60 
208@/01 $a05-11-21 $bl 

lok: 48743731 204

exp: 48743731 204 1 #EPN
201B/01 $005-11-21 $t22:48:22.946 
201C/01 $005-11-21 
201U/01 $0utf8 
203@/01 $01172374031 
204P/01 $010.1007/978-3-662-63473-8 $SV60 
208@/01 $a05-11-21 $bl 

lok: 48743731 205

exp: 48743731 205 1 #EPN
201B/01 $024-05-22 $t14:48:25.000 
201C/01 $005-11-21 
201U/01 $0utf8 
203@/01 $0117237404X 
204P/01 $010.1007/978-3-662-63473-8 $SV60 
208@/01 $a24-05-22 $bla 
209B/01 $aebo $x05 
209B/01 $aspw $x06 
209C/01 $anel2205qa
LEADER 00000cam a22000002c 4500
001 487437314
003 DE-603
005 20251201040540.0
007 cr||||||||||||
008 211105s2021 xx |||| o| u00||u|ger c
020 |a 9783662634738 
020 |a 3662634732 
024 7 |a 10.1007/978-3-662-63473-8  |2 doi 
028 5 2 |a SpringerNature-11775 
035 |a (DE-599)HEB487437314 
040 |a DE-603  |b ger  |c DE-603  |d DE-603  |e rda 
041 |a ger 
082 7 |a 338.5  |2 23/eng 
084 |a 330  |q DE-101  |2 sdnb 
100 1 |a Kolmar, Martin  |e Verfasser  |4 aut 
245 0 0 |a Arbeitsbuch zu Grundlagen der Mikroökonomik  |c von Martin Kolmar, Magnus Hoffmann 
250 |a 2nd ed. 2021 
264 1 |a Berlin, Heidelberg  |b Springer Berlin Heidelberg  |c 2021 
264 2 |a Cham  |b Springer International Publishing AG 
300 |a 1 Online-Ressource (XII, 325 Seiten)  |b 85 Abb. 
336 |a Text  |b txt  |2 rdacontent 
337 |a Computermedien  |b c  |2 rdamedia 
338 |a Online-Ressource  |b cr  |2 rdacarrier 
650 7 |a Mikroökonomie  |0 (DE-588)4039225-9  |0 (DE-603)085106909  |2 gnd 
655 7 |a Aufgabensammlung  |2 gnd-content  |0 (DE-588)4143389-0  |0 (DE-603)08556253X 
700 1 |a Hoffmann, Magnus  |e Verfasser  |4 aut 
776 0 8 |i Erscheint auch als  |n Druck-Ausgabe  |a Kolmar, Martin  |t Arbeitsbuch zu Grundlagen der Mikroökonomik  |d Berlin, Heidelberg : Springer Berlin Heidelberg, 2021  |z 9783662634721 
776 1 |z 978--366263472-1 
856 |u https://doi.org/10.1007/978-3-662-63473-8  |x Resolving-System 
856 4 2 |m X:DE-He213  |q text/html  |u http://scans.hebis.de/HEBCGI/show.pl?48743731_toc.html  |3 Inhaltsverzeichnis 
856 4 2 |m X:DE-He213  |q text/html  |u http://scans.hebis.de/HEBCGI/show.pl?48743731_aub.html  |3 Ausführliche Beschreibung 
912 |a ZDB-2-SWI 
924 1 |9 603  |a (DE-603)1172373930  |b DE-603  |c HES  |d d 
924 1 |9 603  |a (DE-603)1172373949  |b DE-603  |c HES  |d d 
924 1 |9 603  |a (DE-603)1172373957  |b DE-603  |c HES  |d d 
924 1 |9 603  |a (DE-603)1172373965  |b DE-603  |c HES  |d d 
924 1 |9 603  |a (DE-603)1172373973  |b DE-603  |c HES  |d d 
924 1 |9 603  |a (DE-603)1172373981  |b DE-603  |c HES  |d d 
924 1 |9 603  |a (DE-603)117237399X  |b DE-603  |c HES  |d d 
924 1 |9 603  |a (DE-603)1172374007  |b DE-603  |c HES  |d d 
924 1 |9 603  |a (DE-603)1172374015  |b DE-603  |c HES  |d d 
924 1 |9 603  |a (DE-603)1172374023  |b DE-603  |c HES  |d d 
924 1 |9 603  |a (DE-603)1172374031  |b DE-603  |c HES  |d d 
924 1 |9 603  |a (DE-603)117237404X  |b DE-603  |c HES  |d d